000 nam a22 7a 4500
999 _c9812
_d9812
008 180208b ||||| |||| 00| 0 eng d
100 _aEliot, G
_95903
245 _aThe mill on the floss
260 _aLondon
_bWords woth Publication
_c2003